مسائل الإختلاف بين الأشاعرة والماتريدية / (رقم التسجيلة. 123102)

تفاصيل مارك
000 -الفاتح
عناصر البيانات ثابتة الطول 00959cam a2200217 i 4500
005 - تاريخ ووقت آخر معاملة
حقل ضبط 20251208084530.0
008 - عناصر البيانات ثابتة الطول
عناصر البيانات ثابتة الطول 250721s2009 jo gr 000 0 ara d
020 ## - الترقيم الدولي المعياري للكتب (ردمك)
الترقيم الدولي المعياري للكتب (ردمك) 9879957231446
082 14 - رقم تصنيف ديوي العشري
رقم التصنيف 215.1
رقم المادة ب ا ش
100 1# - مدخل رئيسي – اسم شخصي
الاسم الشخصي ابن كمال باشا، شمس الدين أحمد بن سليمان
علاقة الشخص بالعمل/ دوره مؤلف.
245 10 - بيان العنوان
العنوان مسائل الإختلاف بين الأشاعرة والماتريدية /
بيان المسؤولية تاليف العلامه الوزير شمس الدين أحمد بن سليمان المعروفبابن كمال باشا ؛ تحقيق سعيد عبداللطيف فوده
264 31 - بيانات النشر، التوزيع…إلخ
مكان النشر، التوزيع...إلخ عمان :
اسم الناشر، الموزع...إلخ دار الفتح للدراسات والنشر،
تاريخ النشر، التوزيع...إلخ 2009.
300 ## - الوصف المادي
عدد الوحدات المكونة للوعاء 183صفحه.
650 17 - مدخل إضافي بالموضوع - مصطلح موضوعي
مصطلح موضوعي أو اسم جغرافي كعنصر مدخل الأشاعرة.
650 17 - مدخل إضافي بالموضوع - مصطلح موضوعي
مصطلح موضوعي أو اسم جغرافي كعنصر مدخل الماتريدية.
650 17 - مدخل إضافي بالموضوع - مصطلح موضوعي
مصطلح موضوعي أو اسم جغرافي كعنصر مدخل علم الكلام.
650 17 - مدخل إضافي بالموضوع - مصطلح موضوعي
مصطلح موضوعي أو اسم جغرافي كعنصر مدخل السنيون.
700 1# - مدخل إضافي - اسم شخصي
الاسم الشخصي فودة، سعيد عبداللطيف
تواريخ خاصة بالشخص محقق
942 ## - بيانات إضافية (كوها)
نوع التنصيف Dewey Decimal Classification
نوع المادة (كوها) كتب
المقتنيات
حالة السحب حالة الفقدان مصدر التصنيف حالة التلف غير قابل للإعارة المكتبة الرئيسية المكتبة الحالية موقع الرف تاريخ التزويد الرقم المتسلسل Total Checkouts رقم الإستدعاء الباركود تاريخ آخر ظهور تاريخ الفاتورة نوع المادة (كوها)
    Dewey Decimal Classification     المكتبة المركزية المكتبة المركزية الإعارة 28/07/2025 1436859   215.1 / ب ا ش PLD00196895 28/07/2025 28/07/2025 كتب
Implemented & Customized by: BBB with SCIT (Smart Chains for Information Technology)

Powered by Koha